Материалы по геологии месторождений урана, редких и редкоземельных металлов: информационный сборник; Вып. 148

Sonraí bibleagrafaíochta
Údar corparáideach: Всероссийский научно-исследовательский институт минерального сырья им. Н. М. Федоровского Координационный научно-технический совет по геологии урана
Rannpháirtithe: Машковцев Г. А.
Teanga:Rúisis
Foilsithe / Cruthaithe: Москва, РИС ВИМС, 2005
Ábhair:
Formáid: LEABHAR
KOHA link:https://koha.lib.tpu.ru/cgi-bin/koha/opac-detail.pl?biblionumber=367536

MARC

LEADER 00000nam0a2200000 4500
001 367536
005 20231102012007.0
035 |a (RuTPU)RU\TPU\retro\24899 
090 |a 367536 
100 |a 20220316d2005 k y0rusy50 ca 
101 0 |a rus 
102 |a RU 
105 |a a z 011zy 
200 1 |a Материалы по геологии месторождений урана, редких и редкоземельных металлов  |e информационный сборник  |h Вып. 148  |f Всероссийский научно-исследовательский институт минерального сырья им. Н. М. Федоровского, Координационный научно-технический совет по геологии урана ; гл. ред. Г. А. Машковцев 
210 |a Москва  |c РИС ВИМС  |d 2005 
215 |a 228 с.  |c ил. 
316 |5 63413507: КР-7268  |a На титульном листе владельческая подпись: «Л. Рихванов» 
317 |5 63413507: КР-7268  |a Поступил в НТБ в 2021 г. в дар от семьи профессора ТПУ Л. П. Рихванова 
320 |a Библиография в конце статей 
512 1 |a Урановой геологии России 60 лет 
606 1 |a Урановые месторождения  |2 stltpush  |3 (RuTPU)RU\TPU\subj\63189  |9 80225 
610 1 |a геология 
610 1 |a минерально-сырьевая база 
610 1 |a уран 
610 1 |a история 
610 1 |a Россия 
610 1 |a урановая геология 
610 1 |a урановое сырье 
610 1 |a урановые руды 
610 1 |a урановое рудообразование 
610 1 |a золото-урановые месторождения 
610 1 |a геологоразведочные работы 
610 1 |a ураноносность 
610 1 |a поисково-оценочные работы 
610 1 |a геологическое картирование 
610 1 |a биохимическое выщелачивание 
610 1 |a буровые установки 
610 1 |a геологическое строение 
610 1 |a гидрогенные урановые месторождения 
610 1 |a аэрорадиометрическая разведка 
610 1 |a охрана окружающей среды 
610 1 |a радиационная безопасность 
610 1 |a добыча 
610 1 |a геолого-геохимические исследования 
610 1 |a титаноциркониевые россыпи 
610 1 |a медицинские проблемы 
610 1 |a экологические аспекты 
610 1 |a Библиотека Л. П. Рихванова 
610 1 |a дары библиотеке 
610 1 |a владельческие подписи 
675 |a 553.495  |v 4 
702 1 |a Машковцев  |b Г. А.  |4 651 
712 0 2 |a Всероссийский научно-исследовательский институт минерального сырья им. Н. М. Федоровского  |b Координационный научно-технический совет по геологии урана  |c (Москва)  |c (1991- )  |2 stltpush  |3 (RuTPU)RU\TPU\col\701 
801 1 |a RU  |b 63413507  |c 20220316 
801 2 |a RU  |b 63413507  |c 20221005  |g RCR 
942 |c BK